| 000 | 00615nam a2200193 4500 | ||
|---|---|---|---|
| 010 | _a723012 | ||
| 035 | _a723012 | ||
| 037 | _bCen Lib / Ret | ||
| 040 |
_aDPL _bEN |
||
| 082 |
_a331 _bIND |
||
| 100 | _aLokur, B. N. | ||
| 245 |
_aIndustrial, factory, and labour code : _bbeing an encyclopaedic work / |
||
| 260 |
_aAllahabad _bLaw Publishers _c1973 |
||
| 270 |
_aSardar Patel Marg, Post Box no. 77 _bAllahabad |
||
| 300 |
_a2 v. ; v 2. xlxv, 907-1934p. _b24cm(Hb) |
||
| 650 | _aLabor laws and legislation -- India. | ||
| 650 | _aLabor laws and legislation. | ||
| 942 |
_2ddc _cEN _h331 _mIND |
||
| 999 |
_c136524 _d136524 |
||